Heathers Songs Quiz - Statistics

General Stats
  • This quiz has been taken 1,997 times
  • The average score is 12 of 16
Answer Stats
Lyrics Answer % Correct
I like, looking hot, ___ stuff they cannot Buying
96%
Playing tag and ___ chased Getting
96%
Honey what you ______, welcome to my candy store Waiting For
89%
I've been through __ high schools 10
88%
We were so tiny, happy and __ Shiny
88%
We, the students of Westerberg High, _______ Will die
82%
The ___ queen of High School has decreed it Demon
81%
You heard the __ it's time to rage! man
81%
You chucked me out like I was ___ Trash
79%
But I don't own a ____ Motorbike
77%
My dad keeps 2 suitcases packed in the __ Den
74%
I float in a boat, in the raging ___ ocean Black
63%
Everyone's pushing, everyone's ____ Fighting
62%
I was alone, I was a ___ lake Frozen
51%
And when the ___ comes Morning
46%
Get down it's all ___ cool
20%
No matching quizzes found
Score Distribution
Percent of People with Each Score
Percentile by Number Answered
Your Score History
You have not taken this quiz